000 01451nam0a22002771 4500
001 rc\3628931
005 20250610084252.0
021 _aRU
_b[72-80395]
035 _a(NLR Aleph) 007823973
090 _a7752993
_c7752993
100 _a20130115d1972 |||y0rusy50 ca
101 0 _arus
102 _aRU
105 _ay z |||||
200 1 _aТезисы докладов
_fАН СССР. Лечебно-сан. отд. управление делами АН СССР. Отд-ние физиологии АН СССР. VI мед.-биол. сессия по проблеме "Новое в патологии сердечно-сосудистых заболеваний и болезней обмена веществ". Москва. 1972 г.
210 _aМосква
_cБ. и.
_d1972
215 _a89 с.
_d21
606 _aСердечно-сосудистые болезни
_jТезисы докладов
_2psbo
606 _aОбмен веществ
_xРасстройства
_jТезисы докладов
_2psbo
710 1 2 _aМедико-биологическая сессия по проблеме "Новое в патологии сердечно-сосудистых заболеваний и болезней обмена веществ"
_d6
_eМосква
_f1972
_92653898
_3RU\NLR\AUTH\880621530
801 0 _aRU
_bNLR
_gpsbo
801 1 _aRU
_bELAR
_2rusmarc
852 _aNLR
_j72-6/9007
942 _cBOOK
980 _aNB